00536cam a22001574a 4500020001500000040000800015082002600023245004500049250001200094260005000106300003200156500012800188650001200316700002500328700002500353 a0887252664 cDLC04a574 HUN 2002 A029 Or.02aA handbook of biological investigation / a6th ed. aKnoxville, Tenn. :bHunter Textbooks,cc2002. ax, 188 p. :bill. ;c23 cm. aRev. ed. of: A handbook of biological investigation / Harrison W. Ambrose III and Katharine Peckham Ambrose. 5th ed. c1995. 0aBiology1 aAmbrose, Harrison W.1 aAmbrose, Harrison W.